MARC

LEADER 00000nam0a2200000 4500
001 30003
005 20231030203724.0
010 |a 5020249394 
035 |a (RuTPU)RU\TPU\book\30270 
035 |a BOOK00000024 
090 |a 30003 
100 |a 20011209d2000 m y0rusy50 ca 
101 0 |a rus 
102 |a RU 
105 |a a j 001zy 
200 1 |a Управление качеством  |e учебник для вузов  |f В. В. Окрепилов 
205 |a 3-е изд., доп. и перераб. 
210 |a СПб.  |c Наука  |d 2000 
215 |a 912 с. 
320 |a Библиогр.: с. 905-911. 
610 1 |a экономика 
610 1 |a производство 
610 1 |a организация 
610 1 |a качество 
610 1 |a управление 
610 1 |a нормативы 
610 1 |a товары 
610 1 |a стандартизация 
610 1 |a законы 
610 1 |a измерения 
610 1 |a сертификация 
610 1 |a учебные пособия 
675 |a 658.562(075.8)  |v 3 
700 1 |a Окрепилов  |b В. В.  |g Владимир Валентинович 
801 0 |a RU  |b 63413507  |c 20011209  |g PSBO 
801 2 |a RU  |b 63413507  |c 20100819  |g PSBO 
942 |c BK